2路線の交点 - Statistics

General Stats
  • This quiz has been taken 84 times
  • The average score is 8 of 24
Answer Stats
路線1 路線2 備考 名前 % Correct
北陸新幹線 北陸本線 敦賀
96%
東海道本線 山陰本線 京都
94%
鹿児島本線 山陽本線 門司
90%
根室本線 函館本線 滝川
68%
おおさか東線 近鉄大阪線 JRはつけなくてよい 俊徳道
53%
中央線 ニュートラム 正式な路線名とは限らない コスモスクエア
51%
都営三田線 都電荒川線 三田線側の駅名 西巣鴨
44%
日南線 宮崎空港線 田吉
43%
三国芦原線 勝山永平寺線 福井口
38%
唐津線 筑肥線 電化区間禁止 山本
37%
名市交名城線 名市交東山線 栄ではない方 本山
34%
札幌市電 札幌市営東豊線 大通ではない方 豊水すすきの
29%
山手線 神鉄有馬線 山手線の駅名 湊川公園
29%
伊予鉄市内線 伊予鉄高浜線 大手町ではない方 古町
25%
東山線 清輝橋線 柳川
19%
広電2号線 広電8号線 土橋ではない方 十日市町
18%
片上鉄道線 山陽本線 廃線含む 和気
15%
浜中町営軌道 根室本線 廃線含む 茶内
9%
宮原線 久大本線 廃線含む 恵良
6%
函館市電1系統 函館市電12系統 廃線含む&分岐駅 ガス会社前
3%
木曽森林鉄道王滝線 木曽森林鉄道瀬戸川線 廃線含む 崩越
1%
広浜線新ルート 広浜線旧ルート 計画線含む 石見今福
1%
ペガサス号 白鳥号 最も南の停留所 高速恵庭
1%
ペガサス号 かごたびライナー 共通の休憩PA 道口
1%
No matching quizzes found
Score Distribution
Percent of People with Each Score
Percentile by Number Answered
Your Score History
You have not taken this quiz